Escóndete y grita /

Guardado en:
Autor Principal: Stine, R.l.
Formato: Libro
Publicado: Argentina : Emecé
Edición:3a. ed.
Series:Fantasmas de Fear Street, no. 1
Materias:
Etiquetas: Agregar Etiqueta
Sin Etiquetas, Sea el primero en etiquetar este registro!
LEADER 00698nam a22002655a 4500
001 CEM.cems013572
005 20110923164317.0
008 130507b######################000#0#####d
003 CEMS
020 |a 9500416557 
082 0 4 |a 813.5 
100 1 |a Stine, R.l. 
245 1 0 |a Escóndete y grita /  |c R.L. Stine 
250 |a 3a. ed. 
260 |a Argentina :  |b Emecé 
300 |a 127 p. 
490 0 |a Fantasmas de Fear Street, no. 1 
653 |a Literatura 
653 |a Literatura eeuu 
653 |a Literatura de terror 
653 |a Terror 
653 |a Literatura juvenil 
653 |a Novelas 
653 |a Novelas de terror 
859 |a CEMS  |b BIB. CEMS - 11 de abril  |h 813.5  |i St52-5  |p 26205.11  |t Ej.1